[Event "SR 2. liga A 2006/2007"]
[Site "?"]
[Date "2007.02.03"]
[Round "?"]
[White "Tepper, Frantisek"]
[Black "Meszaros, Michal"]
[Result "1/2-1/2"]
[WhiteElo "2174"]
[BlackElo "240"]
[Annotator "Fabry"]
[PlyCount "122"]
[EventDate "2006.??.??"]

1. e4 c5 2. Nf3 d6 3. Bb5+ Bd7 4. Bxd7+ Qxd7 5. O-O Nc6 6. c3 Nf6 7. Re1 e6 8.
d3 Be7 9. Nbd2 O-O 10. Nf1 b5 11. Ng3 b4 12. Bd2 a5 13. Qe2 Qa7 14. c4 h6 15.
h3 Rfd8 16. Rad1 Bf8 17. Be3 Qb7 18. Bc1 Rac8 19. b3 Nd7 20. Bb2 Nde5 21. Nh2
Ng6 22. Nh5 e5 23. Rf1 Be7 24. f4 Nxf4 25. Nxf4 exf4 26. Rxf4 Ne5 27. Rdf1 Rf8
28. Rf5 Qd7 29. Ng4 f6 30. Ne3 Rce8 31. Rh5 Rf7 32. Nf5 Bf8 33. Ne3 a4 34. Nd5
a3 35. Ba1 Qe6 36. Rhf5 Rc8 37. Bxe5 dxe5 38. R1f3 Kh7 39. Rg3 Rc6 40. Qg4 Kh8
41. Qg6 Rd7 42. Nxf6 Qxf6 43. Rxf6 Rxf6 44. Qg4 Rdf7 45. Rf3 Kh7 46. Kf2 Be7
47. Rf5 Bd6 48. Ke2 Bc7 49. g3 Bd6 50. h4 Bc7 51. Qf3 Bd8 52. Qg4 Be7 53. Rxf6
gxf6 54. Qf5+ Kg8 55. Kf3 Rg7 56. Qe6+ Kf8 57. g4 Rg8 58. h5 Rg5 59. Qd5 Ke8
60. Qa8+ Kf7 61. Qc8 Bf8 1/2-1/2

[Event "SR 2. liga A 2006/2007"]
[Site "?"]
[Date "????.??.??"]
[Round "?"]
[White "Tepper, Frantisek"]
[Black "Nicolini, Alexander"]
[Result "1/2-1/2"]
[WhiteElo "2170"]
[BlackElo "2135"]
[PlyCount "45"]
[EventDate "2006.??.??"]

1. e4 c6 2. d3 d5 3. Nd2 g6 4. Ngf3 Bg7 5. c3 e5 6. Be2 Ne7 7. O-O O-O 8. Re1
Qc7 9. Nf1 Re8 10. Ng3 c5 11. Bf1 Nbc6 12. Bd2 Bd7 13. Qb3 Qb6 14. Qc2 Rac8 15.
Be2 h6 16. h3 Kh7 17. Nh2 Rf8 18. Bg4 f5 19. exf5 Nxf5 20. Nxf5 gxf5 21. Bh5
Ne7 22. Rad1 Ng6 23. Bc1 $11 1/2-1/2

[Event "SR 2. liga A 2006/2007"]
[Site "?"]
[Date "2006.10.15"]
[Round "?"]
[White "Vimmer, Michal"]
[Black "Pericka, Tomas"]
[Result "1-0"]
[WhiteElo "1985"]
[BlackElo "1913"]
[PlyCount "85"]
[EventDate "2006.??.??"]

{96MB, MITULIAK-C350F7} 1. d4 Nf6 2. c4 e6 3. Nc3 Bb4 4. Qc2 d5 5. a3 Bxc3+ 6.
Qxc3 Ne4 7. Qc2 O-O 8. Nf3 c5 9. dxc5 Nc6 10. b4 e5 11. e3 Bf5 12. Bd3 Nxf2 13.
Bxf5 Nxh1 14. cxd5 Ne7 15. Bxh7+ Kh8 16. d6 Nc6 17. Be4 Re8 18. Kf1 Rc8 19. d7
Qxd7 20. Bf5 Qe7 21. Bxc8 e4 22. Bxb7 exf3 23. Bxc6 f2 24. Bxe8 Qh4 25. Bb2
Qxh2 26. Ke2 Qh5+ 27. Kd2 Ng3 28. Bb5 Qd5+ 29. Kc3 Ne4+ 30. Qxe4 Qxe4 31. Bd3
Qxg2 32. Rc1 Kg8 33. b5 g5 34. c6 Qg3 35. Kd2 Qc7 36. Ke2 Qh2 37. c7 f1=Q+ 38.
Kxf1 Qh1+ 39. Ke2 Qg2+ 40. Kd1 Qf3+ 41. Be2 Qd5+ 42. Bd4 Qb3+ 43. Rc2 1-0

[Event "SR 2. liga A 2006/2007"]
[Site "?"]
[Date "2006.10.14"]
[Round "1.1"]
[White "Duriga, Stefan"]
[Black "Lesny, Stefan"]
[Result "1/2-1/2"]
[WhiteElo "2265"]
[BlackElo "2140"]
[PlyCount "30"]
[EventDate "2006.??.??"]

1. d4 d5 2. c4 e6 3. Nc3 c6 4. e3 f5 5. f4 Nf6 6. Nf3 Be7 7. Bd3 Nbd7 8. O-O
Ne4 9. Ne5 Nxe5 10. fxe5 O-O 11. a4 Bd7 12. a5 Qe8 13. Qb3 Rb8 14. cxd5 cxd5
15. Nxe4 fxe4 1/2-1/2

[Event "SR 2. liga A 2006/2007"]
[Site "?"]
[Date "2006.??.??"]
[Round "1.1"]
[White "Pacher, Milan"]
[Black "Meszaros, Michal"]
[Result "1-0"]
[WhiteElo "2262"]
[BlackElo "2407"]
[PlyCount "117"]
[EventDate "2006.??.??"]

1. e4 e5 2. Nf3 Nc6 3. Bb5 a6 4. Ba4 Nf6 5. Qe2 b5 6. Bb3 Bc5 7. c3 d6 8. d3 h6
9. Nbd2 O-O 10. Nf1 Be6 11. Bxe6 fxe6 12. Ng3 Qe8 13. O-O Nh5 14. Nxh5 Qxh5 15.
Be3 Bxe3 16. fxe3 Ne7 17. a4 c6 18. d4 Ng6 19. axb5 axb5 20. Rxa8 Rxa8 21. c4
exd4 22. exd4 Nf4 23. Qd2 Rf8 24. e5 bxc4 25. exd6 Qd5 26. Qc2 Rb8 27. Kh1 Qxd6
28. Ne5 Qxd4 29. Nxc6 Qxb2 30. Qe4 Rf8 31. g3 Ng6 32. Ne7+ Nxe7 33. Qxe6+ Kh7
34. Rxf8 Qb4 35. Re8 Qb1+ 36. Kg2 Qc2+ 37. Kh3 Qf5+ 38. Qxf5+ Nxf5 39. Re4 c3
40. Rc4 c2 41. Rxc2 Nd4 42. Rc7 Ne6 43. Re7 Nf8 44. Kg4 Kg6 45. Ra7 Nh7 46. Kf4
Nf6 47. Ra4 Nd7 48. Ra6+ Nf6 49. Ke5 Kg5 50. Ke6 Ng4 51. h3 Nf2 52. Kf7 Nxh3
53. Kxg7 Nf2 54. Rg6+ Kh5 55. Rxh6+ Kg4 56. Rg6+ Kh3 57. Kh6 Ng4+ 58. Kh5 Ne5
59. Rg7 1-0

[Event "SR 2. liga A 2006/2007"]
[Site "?"]
[Date "2006.10.14"]
[Round "1.1"]
[White "Tepper, Frantisek"]
[Black "Frindt, Kornel"]
[Result "1-0"]
[WhiteElo "2171"]
[BlackElo "2237"]
[PlyCount "73"]
[EventDate "2006.??.??"]

1. e4 e5 2. Nf3 Nc6 3. Nc3 Nf6 4. Bb5 Bb4 5. O-O O-O 6. d3 d6 7. Bg5 Bxc3 8.
bxc3 h6 9. Bh4 Qe7 10. Re1 a6 11. Bc4 Na5 12. Bb3 c5 13. Bd5 Be6 14. c4 Bxd5
15. cxd5 b5 16. Qd2 Nb7 17. h3 Kh7 18. g4 g5 19. Nxg5+ Kg7 20. Nf3 Rg8 21. Kh2
Qf8 22. Rg1 Nd7 23. g5 h5 24. Bg3 Qc8 25. Nh4 Nb6 26. Qe2 Rh8 27. Qf3 Nd7 28.
Nf5+ Kf8 29. g6 Ke8 30. Bh4 f6 31. g7 Rg8 32. Nh6 Ke7 33. Rg6 Qe8 34. Bxf6+
Nxf6 35. Qxf6+ Kd7 36. Nxg8 Qxg8 37. Rh6 1-0

[Event "SR 2. liga A 2006/2007"]
[Site "?"]
[Date "2006.10.14"]
[Round "1.1"]
[White "Tibensky, Robert"]
[Black "Puchart, Vladimir"]
[Result "1-0"]
[WhiteElo "2409"]
[BlackElo "2076"]
[PlyCount "37"]
[EventDate "2006.??.??"]
[TimeControl "240+2"]

{89MB, Fritz8.ctg, KAIKO-2PTA9HT0L} 1. d4 Nf6 2. Nf3 e6 3. e3 c5 4. Bd3 Nc6 5.
O-O d5 6. b3 Be7 7. Bb2 O-O 8. c4 b6 9. Nc3 Bb7 10. Qe2 cxd4 11. exd4 Rc8 12.
Rfd1 Nb4 13. Bb1 Qd6 14. Ne5 Rfd8 15. Qe3 Nc6 16. a4 Na5 17. Ba2 Qb8 18. Ne2
Bd6 19. Rac1 $138 1-0

[Event "SR 2. liga A 2006/2007"]
[Site "?"]
[Date "2006.10.14"]
[Round "1.2"]
[White "Farkas, Gabor"]
[Black "Petrik, Karol"]
[Result "1-0"]
[WhiteElo "2298"]
[BlackElo "2136"]
[PlyCount "51"]
[EventDate "2006.??.??"]

1. e4 c6 2. d4 g6 3. Nc3 Bg7 4. h3 d5 5. e5 c5 6. Nf3 a6 7. dxc5 e6 8. Bg5 Qc7
9. Qd2 Nd7 10. O-O-O Nxc5 11. Re1 Bd7 12. g4 Rc8 13. Bg2 h6 14. Bf4 Ne7 15. Nd4
Qa5 16. Kb1 b5 17. Ncxb5 Qxd2 18. Nd6+ Kf8 19. Bxd2 Rb8 20. f4 h5 21. a3 hxg4
22. hxg4 Rxh1 23. Bxh1 Nc8 24. Bb4 Rxb4 25. axb4 Nxd6 26. bxc5 1-0

[Event "SR 2. liga A 2006/2007"]
[Site "?"]
[Date "2006.??.??"]
[Round "1.2"]
[White "Gasa, Andrej"]
[Black "Ruckschloss, Karol"]
[Result "1-0"]
[WhiteElo "2199"]
[BlackElo "2331"]
[PlyCount "63"]
[EventDate "2006.??.??"]

1. e4 d6 2. d4 Nf6 3. Nc3 g6 4. f4 c6 5. Nf3 b5 6. Bd3 b4 7. Ne2 a5 8. h3 Ba6
9. e5 Nd5 10. c4 bxc3 11. bxc3 e6 12. O-O c5 13. Bxa6 Rxa6 14. Ng5 cxd4 15. c4
Ne3 16. Bxe3 dxe3 17. Ne4 Nd7 18. Qa4 Qc7 19. Nf6+ Kd8 20. Qb5 Qc6 21. Nxd7
Kxd7 22. Rfd1 Qxb5 23. cxb5 Rb6 24. a4 d5 25. Kf1 Bb4 26. Rac1 f6 27. Nd4 fxe5
28. fxe5 Rf8+ 29. Nf3 Bd2 30. Rc2 Rf4 31. Ra1 Rb8 32. Ke2 1-0

[Event "SR 2. liga A 2006/2007"]
[Site "?"]
[Date "2006.10.14"]
[Round "1.2"]
[White "Petrik, Stanislav"]
[Black "Biro, Karol"]
[Result "1-0"]
[WhiteElo "2246"]
[BlackElo "2172"]
[PlyCount "49"]
[EventDate "2006.??.??"]

1. e4 c5 2. Nf3 b6 3. Bc4 Ba6 4. Bxa6 Nxa6 5. O-O Nc7 6. c4 g6 7. d4 cxd4 8.
Qxd4 Nf6 9. e5 Ne6 10. Qh4 Nh5 11. Nc3 Bg7 12. Nd5 Rc8 13. b3 Bf8 14. Ba3 Nhg7
15. Rad1 Nf5 16. Qh3 h5 17. Nh4 Nxh4 18. Qxh4 Nc7 19. Qe4 Nxd5 20. cxd5 Bg7 21.
e6 f5 22. Qa4 O-O 23. exd7 Rc7 24. d6 exd6 25. Rxd6 1-0

[Event "SR 2. liga A 2006/2007"]
[Site "?"]
[Date "2006.10.14"]
[Round "1.2"]
[White "Stetina, Erik"]
[Black "Maslik, Miroslav"]
[Result "1/2-1/2"]
[WhiteElo "2100"]
[BlackElo "2255"]
[PlyCount "150"]
[EventDate "2006.??.??"]
[TimeControl "240+2"]

{89MB, Fritz8.ctg, KAIKO-2PTA9HT0L} 1. e4 c5 2. d4 cxd4 3. c3 Nf6 4. e5 Nd5 5.
Bc4 Nb6 6. Bb3 Nc6 7. Nf3 g6 8. cxd4 Bg7 9. Bd2 O-O 10. O-O d6 11. Bc3 Bg4 12.
Re1 dxe5 13. d5 Nd4 14. Nbd2 Nxd5 15. Bxd4 exd4 16. h3 Bf5 17. Nc4 Nf4 18. Nce5
Be6 19. Bxe6 Nxe6 20. Nxf7 Rxf7 21. Rxe6 Qd5 22. Re2 Rd8 23. Qd3 Bf6 24. Nd2 e5
25. Ne4 Kg7 26. Rc1 b6 27. b3 Rdd7 28. Rec2 Bh4 29. f3 Bd8 30. Rc6 Rc7 31. Qc4
Qxc4 32. R1xc4 Rcd7 33. Kf1 $11 b5 34. R4c5 d3 35. Ke1 d2+ 36. Kd1 Rd3 37. Rxb5
Rfd7 38. Rc3 Rxc3 39. Nxc3 Bg5 40. Ne4 Bf4 41. g3 Bh6 42. Rxe5 Rd3 43. f4 Kf7
44. Rc5 Bf8 45. Rc3 Rd4 46. Ng5+ Kg8 47. Ne6 Rd6 48. Nxf8 Kxf8 49. Rc7 Ra6 50.
Rc2 Kf7 51. Kxd2 Kf6 52. Ke3 Ra3 53. Ke4 a5 54. g4 a4 55. Rb2 axb3 56. axb3 h6
57. h4 Ke6 58. f5+ gxf5+ 59. gxf5+ Kf6 60. b4 Rh3 61. b5 Rxh4+ 62. Kf3 Kxf5 63.
b6 Rf4+ 64. Ke3 Re4+ 65. Kd3 Re8 66. Kc4 h5 67. b7 Rb8 68. Kc5 Kg4 69. Kc6 h4
70. Kc7 Rxb7+ 71. Rxb7 h3 72. Kd6 Kg3 73. Ke5 h2 74. Rb1 Kg2 75. Kf4 h1=Q
1/2-1/2

[Event "SR 2. liga A 2006/2007"]
[Site "?"]
[Date "2006.10.14"]
[Round "1.3"]
[White "Bronis, Marian"]
[Black "Petenyi, Tamas"]
[Result "1/2-1/2"]
[WhiteElo "2155"]
[BlackElo "2209"]
[PlyCount "51"]
[EventDate "2006.??.??"]

1. d4 Nf6 2. c4 c5 3. d5 b5 4. Nf3 d6 5. g3 g6 6. Bg2 Bg7 7. O-O O-O 8. Nc3 b4
9. Nb1 Nbd7 10. Nbd2 a5 11. Ne1 Nb6 12. e4 a4 13. Nd3 Ba6 14. Qc2 Qc7 15. Rb1
Rfb8 16. b3 a3 17. f4 Nbd7 18. Qd1 Bb7 19. g4 Nf8 20. g5 N6d7 21. Qf3 e6 22.
Qg3 f5 23. gxf6 Nxf6 24. Bf3 exd5 25. exd5 Re8 26. f5 1/2-1/2

[Event "SR 2. liga A 2006/2007"]
[Site "?"]
[Date "2006.10.14"]
[Round "1.3"]
[White "Fabry, Robert"]
[Black "Krajnak, Robert"]
[Result "0-1"]
[WhiteElo "2205"]
[BlackElo "2089"]
[PlyCount "72"]
[EventDate "2006.??.??"]

1. Nf3 c5 2. b3 Nf6 3. Bb2 b6 4. e3 e6 5. a4 Be7 6. a5 bxa5 7. Bc3 Nc6 8. Na3
a4 9. bxa4 O-O 10. Bb5 Nb4 11. d4 Bb7 12. dxc5 a5 13. Qd4 Rc8 14. Bxb4 axb4 15.
Nc4 Bxc5 16. Qh4 Be4 17. Rc1 d5 18. Ncd2 Be7 19. Nd4 Bxg2 20. Rg1 Be4 21. Nc6
Rxc6 22. Bxc6 Bg6 23. Qg3 Qb6 24. Bb5 Rc8 25. h4 Bf8 26. Qe5 Rc3 27. Be2 h5 28.
Nb3 Qc6 29. Bb5 Qc8 30. Nd4 b3 31. Rxg6 fxg6 32. Qxe6+ Qxe6 33. Nxe6 Ba3 34.
Kd2 Bxc1+ 35. Kxc1 Rxc2+ 36. Kd1 Ne4 0-1

[Event "SR 2. liga A 2006/2007"]
[Site "?"]
[Date "2006.??.??"]
[Round "1.3"]
[White "Hacik, Radomir"]
[Black "Polasek, Filip"]
[Result "1/2-1/2"]
[WhiteElo "2185"]
[BlackElo "2084"]
[PlyCount "86"]
[EventDate "2006.??.??"]

1. e4 e5 2. Nf3 Nc6 3. Bb5 a6 4. Ba4 Nf6 5. O-O Be7 6. Re1 b5 7. Bb3 O-O 8. Nc3
d6 9. Nd5 Bg4 10. c3 Na5 11. Nxe7+ Qxe7 12. Bc2 c5 13. h3 Bh5 14. d3 Nd7 15. g4
Bg6 16. Bg5 f6 17. Be3 Kh8 18. Nh4 Rab8 19. a3 Nb6 20. Qf3 Bf7 21. Nf5 Qd7 22.
b4 Nb7 23. Kg2 d5 24. bxc5 dxe4 25. dxe4 Nc4 26. a4 Qc6 27. axb5 axb5 28. Red1
Be6 29. Ra7 Bxf5 30. gxf5 Ra8 31. Rda1 Rxa7 32. Rxa7 Nxc5 33. Bxc5 Qxc5 34. Rd7
Nb6 35. Rd3 Qc4 36. Bd1 Na4 37. Be2 Qc6 38. Bd1 Nb2 39. Rd5 Nxd1 40. Qxd1 h6
41. Qb3 Rc8 42. f3 Qc4 43. Qxc4 Rxc4 1/2-1/2

[Event "SR 2. liga A 2006/2007"]
[Site "?"]
[Date "2006.10.14"]
[Round "1.3"]
[White "Hartl, Jan"]
[Black "Sturdik, Igor"]
[Result "1-0"]
[WhiteElo "2158"]
[BlackElo "2056"]
[PlyCount "81"]
[EventDate "2006.??.??"]
[TimeControl "240+2"]

{89MB, Fritz8.ctg, KAIKO-2PTA9HT0L} 1. e4 Nf6 2. e5 Nd5 3. c4 Nb6 4. d4 d6 5.
f4 dxe5 6. fxe5 Nc6 7. Be3 Bf5 8. Nc3 e6 9. Be2 Be7 10. Nf3 O-O 11. O-O f6 12.
Qe1 fxe5 13. dxe5 Nd7 14. Rd1 a6 15. Qg3 Qe8 16. Rd2 Nc5 17. Nd4 Nxd4 18. Rxd4
Rd8 19. Rfd1 Rxd4 20. Rxd4 Na4 21. Ne4 Nxb2 22. Nf6+ Bxf6 23. exf6 Rxf6 24. Bg5
Qg6 25. Qh4 h6 26. Bxf6 Qxf6 27. Qxf6 gxf6 28. Rd7 Be4 29. Rxc7 Na4 30. Bh5 e5
31. Kf2 Bc6 32. Bf7+ Kf8 33. g4 Nc3 34. a3 Nb1 35. a4 Nc3 36. a5 Ne4+ 37. Ke3
Nd6 38. Be6 Ne8 39. Rf7+ Kg8 40. Rxb7+ Kh8 41. Ra7 1-0

[Event "SR 2. liga A 2006/2007"]
[Site "?"]
[Date "2006.10.14"]
[Round "1.4"]
[White "Bebiak, Jozef"]
[Black "Kebis, Milos"]
[Result "1-0"]
[WhiteElo "2193"]
[BlackElo "2053"]
[PlyCount "33"]
[EventDate "2006.??.??"]

1. e4 g6 2. d4 Bg7 3. Nc3 d6 4. Be3 Nf6 5. f3 Nc6 6. Qd2 O-O 7. Nge2 e5 8. d5
Na5 9. Ng3 c5 10. Bh6 a6 11. h4 b5 12. h5 b4 13. Nd1 c4 14. Bxg7 c3 15. bxc3
bxc3 16. Qh6 Nd7 17. hxg6 1-0

[Event "SR 2. liga A 2006/2007"]
[Site "?"]
[Date "2006.10.14"]
[Round "1.4"]
[White "Farkas, Vladimir"]
[Black "Janos, Jozef"]
[Result "1/2-1/2"]
[WhiteElo "2061"]
[BlackElo "2227"]
[PlyCount "105"]
[EventDate "2006.??.??"]

1. Nf3 Nf6 2. g3 g6 3. Bg2 Bg7 4. d3 d5 5. O-O O-O 6. Nbd2 Nbd7 7. e4 e5 8. Qe2
Re8 9. c3 dxe4 10. Nxe4 Nxe4 11. dxe4 Nc5 12. Rd1 Qe7 13. Ne1 Be6 14. b3 Red8
15. Ba3 b6 16. Nd3 f6 17. Qe3 Bf8 18. Bf3 a5 19. Nxc5 bxc5 20. Rxd8 Rxd8 21.
Rd1 Rxd1+ 22. Bxd1 Qd6 23. Be2 Qc6 24. Qd3 Kf7 25. c4 a4 26. f3 axb3 27. Qxb3
Qa6 28. Bc1 Qa5 29. Kf2 Bd6 30. Qc2 Qa8 31. Bd2 Bd7 32. Be3 h5 33. f4 h4 34.
fxe5 hxg3+ 35. hxg3 Bxe5 36. Bxc5 Qh8 37. Qd3 Qh2+ 38. Ke1 Bxg3+ 39. Kd2 Be6
40. a4 Qh4 41. Kc2 Bf2 42. Bb4 c5 43. Bc3 Qh2 44. a5 f5 45. Qf3 Bd4 46. Bxd4
cxd4 47. exf5 Bxf5+ 48. Kd1 Qg1+ 49. Kd2 Qa1 50. Qd5+ Kf6 51. Qd6+ Kf7 52. Qd5+
Kg7 53. Qe5+ 1/2-1/2

[Event "SR 2. liga A 2006/2007"]
[Site "?"]
[Date "2006.??.??"]
[Round "1.4"]
[White "Hecko, Dusan"]
[Black "Oprea, Erik"]
[Result "0-1"]
[WhiteElo "2142"]
[BlackElo "2138"]
[PlyCount "78"]
[EventDate "2006.??.??"]

1. c4 d6 2. d4 c6 3. Nc3 Qc7 4. e4 e5 5. Nf3 Bg4 6. Be2 Nd7 7. O-O Ne7 8. dxe5
dxe5 9. Ng5 Bxe2 10. Qxe2 h6 11. Nf3 g5 12. b3 Ng6 13. Rd1 Nf4 14. Qc2 Bb4 15.
Ne2 Bc5 16. Bb2 f6 17. Bc3 Qb6 18. Ng3 O-O-O 19. b4 Be7 20. Nf5 Rh7 21. a4 Nf8
22. c5 Qc7 23. Rxd8+ Bxd8 24. Rd1 N8e6 25. Qa2 g4 26. N3h4 Ng5 27. Nd6+ Kb8 28.
Nhf5 Rh8 29. Qc4 h5 30. b5 h4 31. Rb1 Rh7 32. bxc6 Qxc6 33. Qg8 Nfe6 34. Ba5
Rd7 35. Bxd8 Rxd8 36. Qg6 h3 37. Qxf6 Nxe4 38. Qxe5 Nxd6 39. Nxd6 Qxg2# 0-1

[Event "SR 2. liga A 2006/2007"]
[Site "?"]
[Date "2006.10.14"]
[Round "1.4"]
[White "Mosny, Jaroslav"]
[Black "Janos, Ivan"]
[Result "0-1"]
[WhiteElo "2054"]
[BlackElo "2133"]
[PlyCount "64"]
[EventDate "2006.??.??"]
[TimeControl "240+2"]

{89MB, Fritz8.ctg, KAIKO-2PTA9HT0L} 1. d4 Nf6 2. Nf3 e6 3. e3 b6 4. Bd3 d5 5.
O-O Bd6 6. b3 Nbd7 7. Bb2 Ne4 8. c4 Bb7 9. Nc3 O-O 10. Qe2 a6 11. Rfd1 f5 12.
Ne5 Nxe5 13. dxe5 Bxe5 14. Nxe4 dxe4 15. Bxe5 exd3 16. Rxd3 Qe7 17. Rad1 Bc6
18. Qh5 Rad8 19. h4 Rxd3 20. Rxd3 h6 21. Qg6 Rf7 22. Rd4 Be4 23. h5 $11 Bc6 24.
Qg3 Ba8 25. Qg6 Bc6 26. Qg3 Be8 27. Qf3 Qg5 28. Qg3 Qxg3 29. Bxg3 Rf8 30. Rd8
Bxh5 31. Rxf8+ Kxf8 32. Bxc7 b5 $138 0-1

[Event "SR 2. liga A 2006/2007"]
[Site "?"]
[Date "2006.??.??"]
[Round "1.5"]
[White "Hudec, Jan"]
[Black "Diviak, Rastislav"]
[Result "1/2-1/2"]
[WhiteElo "2047"]
[BlackElo "1958"]
[PlyCount "100"]
[EventDate "2006.??.??"]

1. d4 d5 2. c4 c6 3. Nf3 Nf6 4. Nc3 e6 5. cxd5 exd5 6. Qc2 Be7 7. Bg5 O-O 8. e3
Be6 9. Bd3 h6 10. h4 Nbd7 11. O-O-O c5 12. Bf4 a6 13. Ne5 Nxe5 14. Bxe5 Rc8 15.
Kb1 b5 16. dxc5 Bxc5 17. Qe2 Be7 18. Bc2 b4 19. Bxf6 Bxf6 20. Qd3 g6 21. Nxd5
Bxd5 22. Qxd5 Qc7 23. Bb3 Kg7 24. Rc1 Qe7 25. Rxc8 Rxc8 26. h5 Rd8 27. Qc4 Rd2
28. hxg6 Rxb2+ 29. Kc1 Rxf2 30. Qxf7+ Qxf7 31. gxf7 Bg5 32. Rh3 Re2 33. Rf3 Kf8
34. g4 Rxe3 35. Rxe3 Bxe3+ 36. Kc2 a5 37. Kd3 Bg5 38. Ke4 Ke7 39. Kd5 Bd2 40.
Kc6 Bc3 41. Kb5 Bd2 42. Kxa5 Bc3 43. Kb5 Bd2 44. Kc4 Be1 45. Kd3 Kf8 46. Bd5
Kg7 47. Ke4 Bc3 48. Be6 Be1 49. Kd5 Bc3 50. Kd6 Kf8 1/2-1/2

[Event "SR 2. liga A 2006/2007"]
[Site "?"]
[Date "2006.10.14"]
[Round "1.5"]
[White "Michal, Silvio"]
[Black "Krist, Milan"]
[Result "0-1"]
[WhiteElo "2135"]
[BlackElo "2039"]
[PlyCount "80"]
[EventDate "2006.??.??"]
[TimeControl "240+2"]

{89MB, Fritz8.ctg, KAIKO-2PTA9HT0L} 1. c4 c5 2. Nc3 Nc6 3. Nf3 Nf6 4. g3 e6 5.
Bg2 d5 6. cxd5 exd5 7. d4 h6 8. O-O Bg4 9. Qa4 Qd7 10. Rd1 Bxf3 11. Bxf3 Nxd4
12. Qxd7+ Kxd7 13. Bxd5 Nxd5 14. Nxd5 Kc6 15. Nc3 Rd8 16. Bf4 Be7 17. Rac1 Ne6
18. Be3 Rxd1+ 19. Rxd1 Rd8 20. Rxd8 $11 Bxd8 21. f3 Bf6 22. Bd2 b5 23. b3 Bxc3
24. Bxc3 b4 25. Ba1 a5 26. Kf2 c4 27. bxc4 Kc5 28. e4 Kxc4 29. Ke3 a4 30. f4 g6
31. g4 a3 32. h4 Nc5 33. Bg7 h5 34. gxh5 gxh5 35. f5 Nd7 36. e5 Kd5 37. Kf4 Nc5
38. e6 fxe6 39. f6 e5+ 40. Kf5 Ne6 0-1

[Event "SR 2. liga A 2006/2007"]
[Site "?"]
[Date "2006.10.14"]
[Round "1.5"]
[White "Mikulas, Dusan"]
[Black "Deak, Gabriel"]
[Result "1-0"]
[WhiteElo "2151"]
[BlackElo "2038"]
[PlyCount "117"]
[EventDate "2006.??.??"]

1. e4 a6 2. d4 b5 3. a4 Bb7 4. f3 b4 5. a5 e6 6. Be3 c5 7. Nd2 cxd4 8. Bxd4 Nc6
9. Bb6 Qe7 10. Bc4 Nf6 11. Ne2 g6 12. Nb3 d6 13. Qd2 Rc8 14. Bd3 Bg7 15. Nbd4
d5 16. Nxc6 Rxc6 17. O-O dxe4 18. fxe4 Nd7 19. Bd4 e5 20. Be3 O-O 21. Ng3 Rb8
22. b3 Nf8 23. Kh1 Ne6 24. Ra4 Bc8 25. Bb6 Nd4 26. Rxb4 Qh4 27. Bd8 Qxd8 28.
Rxb8 Qc7 29. Rb6 Rxb6 30. axb6 Qxb6 31. Qf2 Be6 32. c3 Qxb3 33. cxd4 Qxd3 34.
d5 Bxd5 35. exd5 Qxd5 36. Ne4 f5 37. Nc3 Qc4 38. Qa2 Qxa2 39. Nxa2 e4 40. Rd1
e3 41. Kg1 Be5 42. h3 Kf7 43. Kf1 Kf6 44. Ke2 f4 45. Nb4 g5 46. Nxa6 h5 47. Nc5
g4 48. Rd5 f3+ 49. gxf3 gxh3 50. Kxe3 h2 51. Rd1 Kg5 52. Ne4+ Kh4 53. f4 Bc7
54. Kf3 Bb6 55. Nf2 Bc7 56. Nd3 Bb6 57. Rh1 Kh3 58. Nf2+ Bxf2 59. Kxf2 1-0

[Event "SR 2. liga A 2006/2007"]
[Site "?"]
[Date "2006.10.14"]
[Round "1.5"]
[White "Vinarcik, Jan"]
[Black "Varga, David"]
[Result "0-1"]
[WhiteElo "2027"]
[BlackElo "2288"]
[PlyCount "40"]
[EventDate "2006.??.??"]

1. e4 e6 2. d4 d5 3. e5 c5 4. dxc5 Nc6 5. Nf3 Bxc5 6. Bd3 f6 7. Qe2 fxe5 8.
Nxe5 Nf6 9. c3 Nxe5 10. Qxe5 Bxf2+ 11. Kd1 O-O 12. h3 Ne4 13. Qh5 Rf5 14. Qg4
Bc5 15. Bxe4 dxe4+ 16. Kc2 Rf2+ 17. Bd2 Qd3+ 18. Kc1 e3 19. Qg5 exd2+ 20. Kd1
Qe2+ 0-1

[Event "SR 2. liga A 2006/2007"]
[Site "?"]
[Date "2006.10.14"]
[Round "1.6"]
[White "Hagara, Vladimir"]
[Black "Syrovy, Ivan"]
[Result "0-1"]
[WhiteElo "1972"]
[BlackElo "2091"]
[PlyCount "118"]
[EventDate "2006.??.??"]
[TimeControl "240+2"]

{89MB, Fritz8.ctg, KAIKO-2PTA9HT0L} 1. c4 e5 2. Nc3 d6 3. g3 c6 4. Bg2 f5 5. d3
Nf6 6. e4 Be7 7. Nge2 O-O 8. O-O fxe4 9. Nxe4 Nbd7 10. N2c3 Nxe4 11. Nxe4 Nf6
12. b3 Bf5 13. Qe2 Qc7 14. Nxf6+ Bxf6 15. Be3 Qf7 16. Rad1 Rfe8 17. Qd2 a6 18.
d4 Rad8 19. dxe5 dxe5 20. Qa5 Bd3 21. Bb6 Bxf1 22. Bxd8 Bxg2 23. Kxg2 e4 24.
Bxf6 Qxf6 25. Qh5 Rf8 26. Qe2 Qe6 27. Re1 Re8 28. Qd2 Qf5 $11 29. Re3 g5 30. h3
h5 31. Qd4 g4 32. h4 Kf7 33. Qd6 Re7 34. Qd4 c5 35. Qd6 Rd7 36. Qf4 Qxf4 37.
gxf4 Rd4 38. a3 a5 39. Kf1 Kf6 40. Ke2 Kf5 41. Ke1 Kxf4 42. Re2 Rd3 43. Rb2 Kf3
44. b4 Rxa3 45. bxc5 Ra1+ 46. Kd2 Kxf2 47. Kc3+ Kf3 48. Rxb7 g3 49. Rf7+ Ke3
50. Rg7 Rc1+ 51. Kb3 Kd4 52. c6 Rxc4 53. Rd7+ Kc5 54. c7 a4+ 55. Ka3 Kb6 56.
Rg7 Rxc7 57. Rxg3 Re7 58. Kxa4 e3 59. Kb4 e2 0-1

[Event "SR 2. liga A 2006/2007"]
[Site "?"]
[Date "2006.10.14"]
[Round "1.6"]
[White "Novak, Stanislav"]
[Black "Kolman, Richard"]
[Result "1-0"]
[WhiteElo "2040"]
[BlackElo "2096"]
[PlyCount "47"]
[EventDate "2006.??.??"]

1. e4 d6 2. d4 Nf6 3. Bd3 e5 4. c3 g6 5. Ne2 Bg7 6. O-O O-O 7. Qe1 c5 8. dxc5
dxc5 9. Bc2 Nc6 10. f4 b6 11. f5 Ba6 12. Rf3 Qd6 13. Na3 c4 14. Qh4 Nb8 15. Bg5
Nbd7 16. Rd1 Qc5+ 17. Kh1 Rad8 18. Rh3 h5 19. Rxd7 Rxd7 20. Bxf6 Bxf6 21. Qxf6
Qf2 22. Ng1 Rd2 23. Rg3 Bb7 24. Qxe5 1-0

[Event "SR 2. liga A 2006/2007"]
[Site "?"]
[Date "2006.10.14"]
[Round "1.6"]
[White "Obdrzalkova, Anita"]
[Black "Mandak, Miroslav"]
[Result "1/2-1/2"]
[WhiteElo "2058"]
[BlackElo "2080"]
[PlyCount "63"]
[EventDate "2006.??.??"]

1. d4 Nf6 2. c4 e6 3. Nc3 Bb4 4. a3 Bxc3+ 5. bxc3 c5 6. Nf3 Qa5 7. Bd2 Ne4 8.
e3 O-O 9. Bd3 f5 10. O-O d5 11. Be1 Nd7 12. cxd5 exd5 13. c4 Qd8 14. cxd5 Ndf6
15. Bc4 Nd6 16. Ba2 c4 17. Ne5 b5 18. a4 a6 19. axb5 axb5 20. Bb4 Bb7 21. Qb1
Nfe8 22. Nc6 Qc7 23. Rc1 Qf7 24. Bc5 Kh8 25. f3 Qxd5 26. Nb4 Qe6 27. Rc3 Nc7
28. Qb2 Ra4 29. Bb1 Rxa1 30. Qxa1 Ra8 31. Qb2 Bc8 32. Ra3 1/2-1/2

[Event "SR 2. liga A 2006/2007"]
[Site "?"]
[Date "2006.??.??"]
[Round "1.6"]
[White "Pericka, Tomas"]
[Black "Cambel, Vladimir"]
[Result "0-1"]
[WhiteElo "1913"]
[BlackElo "2049"]
[PlyCount "60"]
[EventDate "2006.??.??"]

1. e4 c5 2. Nf3 e6 3. d4 cxd4 4. Nxd4 a6 5. Bd3 Qc7 6. O-O Nf6 7. Nc3 Be7 8.
Be3 Nc6 9. Kh1 b5 10. f4 b4 11. Nce2 Bb7 12. Ng3 h5 13. Nf3 h4 14. Ne2 Ng4 15.
Bg1 h3 16. g3 O-O 17. Ng5 Bxg5 18. fxg5 f5 19. gxf6 Nxf6 20. Nf4 Ne5 21. Qe2
Qc6 22. Rae1 d5 23. exd5 exd5 24. Bd4 Rae8 25. Qd2 Ne4 26. Qxb4 Ng5 27. Qc5
Qxc5 28. Bxc5 d4+ 29. Kg1 Ngf3+ 30. Kf2 Ng4# 0-1

[Event "SR 2. liga A 2006/2007"]
[Site "?"]
[Date "2006.10.14"]
[Round "1.7"]
[White "Beles, Milan"]
[Black "Klanica, Anton"]
[Result "1-0"]
[WhiteElo "2094"]
[BlackElo "1917"]
[PlyCount "95"]
[EventDate "2006.??.??"]
[TimeControl "240+2"]

{89MB, Fritz8.ctg, KAIKO-2PTA9HT0L} 1. e4 e6 2. d3 d5 3. Nd2 Nf6 4. Ngf3 dxe4
5. dxe4 Be7 6. Be2 b6 7. O-O Bb7 8. Bb5+ Bc6 9. Qe2 O-O 10. Bxc6 Nxc6 11. e5
Ne8 12. Rd1 Qc8 13. Ne4 f6 14. exf6 Bxf6 15. Neg5 Bxg5 16. Nxg5 Nf6 17. Qxe6+
Qxe6 18. Nxe6 Rf7 19. Bf4 Rc8 20. c3 Re7 21. Nd4 Nxd4 22. Rxd4 c5 23. Rd2 Rce8
24. f3 Nh5 25. Bd6 Rd7 26. Rad1 Red8 27. g4 Nf6 28. Bf4 Rxd2 29. Rxd2 Rxd2 30.
Bxd2 c4 31. Kf2 Nd5 32. f4 Kf7 33. Kf3 g6 34. h3 Ke6 35. Be3 a6 36. a4 b5 37.
axb5 axb5 38. Ke4 b4 39. f5+ gxf5+ 40. gxf5+ Kd6 41. Bf4+ Kc6 42. Be5 bxc3 43.
bxc3 Nb6 44. f6 Kd7 45. Bd4 Na4 46. Kd5 Nb2 47. Bc5 Ke8 48. Ke6 1-0